000 00480nam a22001817a 4500
003 CEME
005 20210628210519.0
008 210209b xxu||||| |||| 00| 0 eng d
020 _a81-7635-248-9
040 _c.
082 _a005.4469 KUO
100 _aPence, Joh Kuo, Peter
_979734
245 _aTeach yourself windows networking in 24 hours
260 _aNEW DELHI
_bTECHMEDIA
_c1996
300 _a502
650 _aWINDOWS NETWORKING NETWORKING
_979735
942 _cBK
_2ddc
999 _c584735
_d584735